00493nam a22001817a 4500003001100000005001700011008004100028020001500069040003900084041000800123082001300131100001900144245002400163260006500187650001000252650001900262650003000281LK-CoMWRAF20230910060113.0230910b2003 |||||||| |||| 00| 0 eng d a9556250220 aLK-CoMWRAFdLK-CoMWRAFeLK-CoMWRAF aeng a297bISM aIsmail, Jezima aA Step at a time... aColombo :bMuslim women’s research and action forum,c2003 aIslam aPeace building aModern civilization-Islam